Statistics for Fan Favorite Shiny pokemon.

Click here to take the quiz!

General Stats

  • This quiz has been taken 199 times
  • The average score is 4 of 15

Answer Stats

Answer% Correct
Gen 1Charizard
92%
Gen 6Greninja
50%
Gen 3Rayquaza
47%
Gen 3Metagross
30%
Gen 6Yveltal
26%
Gen 2Ho-Oh
25%
Gen 6Zygarde
25%
Gen 4Giratina
21%
Gen 4Arceus
19%
Gen 5Haxorus
19%
Gen 7Lunala
13%
Gen 6Mega Gengar
8%
Gen 5Genesect
7%
Gen 6Mega Metagross
4%
Gen 6Mega Rayquaza
3%

Score Distribution

Percentile by Number Answered

Percent of People with Each Score

Your Score History

You have not taken this quiz